000 00584cam a2200145 4500500
005 20260208010607.0
041 _afre
042 _adc
100 1 0 _aDubray, Jean
_eauthor
245 0 0 _aGunter Gebauer et Christoph Wulf, Mimésis. Culture, art, société, Paris, Le Cerf, 2005, coll. « Passages », 522 p., 59 E.
260 _c2006.
500 _a21
786 0 _nRevue philosophique de la France et de l'étranger | 131 | 1 | 2006-03-01 | p. 77zr-138zr | 0035-3833
856 4 1 _uhttps://shs.cairn.info/revue-philosophique-2006-1-page-77zr?lang=fr&redirect-ssocas=7080
999 _c1657269
_d1657269